新幹線ふるさとチャイム一覧 - Statistics

General Stats
  • This quiz has been taken 19 times
  • The average score is 7 of 27
Answer Stats
ルート 駅名 Answer % Correct
東北新幹線 上野駅
88%
上越新幹線 上野駅
88%
新潟駅 佐渡おけさ
69%
大宮駅 大宮をどり
38%
大宮駅 大宮をどり
38%
郡山駅 会津磐梯山
38%
高崎駅 八木節
31%
新花巻駅 星めぐりの歌
25%
盛岡駅 南部牛追い唄
25%
越後湯沢駅 湯沢旅情
25%
小山駅 小山音頭
25%
白石蔵王駅 白石音頭
25%
仙台駅 斎太郎節
25%
北上駅 北上夜曲
19%
熊谷駅 秩父音頭
19%
新白河駅 白河音頭
19%
長岡駅 長岡甚句
13%
那須塩原駅 機織り歌
13%
一ノ関駅 クルクル節
13%
福島駅 飯坂小唄
13%
水沢江刺駅 麦つき節
13%
上毛高原駅 上州馬子唄
6%
浦佐駅 はねおけさ
6%
浦佐駅 さんよ節
6%
燕三条駅 岩室甚句
6%
宇都宮駅 日光和楽踊り
6%
古川駅 お立ち酒
6%
No matching quizzes found
Score Distribution
Percent of People with Each Score
Percentile by Number Answered
Your Score History
You have not taken this quiz